Hướng dẫn đồ án môn học " Thiết kế hệ thông ly hợp của ô tô - máy kéo " : Dùng cho sinh viên ĐHBK hệ tập trung và tại chức

Hướng dẫn đồ án môn học " Thiết kế hệ thông ly hợp của ô tô - máy kéo " trình bày nhiệm vụ thiết kế môn học cụm ly hợp và trình tự thiết kế.

Spremljeno u:
Bibliografski detalji
Glavni autor: Lê, Thị Vàng
Format: Knjiga
Jezik:Undetermined
Izdano: Hà Nội Trường Đại học Bách khoa Hà Nội 1992
Teme:
Oznake: Dodaj oznaku
Bez oznaka, Budi prvi tko označuje ovaj zapis!
Thư viện lưu trữ: Trung tâm Học liệu Trường Đại học Cần Thơ
LEADER 00947nam a2200205Ia 4500
001 CTU_35405
008 210402s9999 xx 000 0 und d
082 |a 621.83 
082 |b V106 
100 |a Lê, Thị Vàng 
245 0 |a Hướng dẫn đồ án môn học " Thiết kế hệ thông ly hợp của ô tô - máy kéo " : 
245 0 |b Dùng cho sinh viên ĐHBK hệ tập trung và tại chức 
245 0 |c Lê Thị Vàng 
260 |a Hà Nội 
260 |b Trường Đại học Bách khoa Hà Nội 
260 |c 1992 
520 |a Hướng dẫn đồ án môn học " Thiết kế hệ thông ly hợp của ô tô - máy kéo " trình bày nhiệm vụ thiết kế môn học cụm ly hợp và trình tự thiết kế. 
650 |a Machine parts 
904 |i Q.Điền 
980 |a Trung tâm Học liệu Trường Đại học Cần Thơ